00531nam a22001575i 450000100060000000300090000600500170001500700030003200800410003504000200007610000370009624501360013326000570026930000260032685200210035248494ES-MaACL20230906161748.0t|950721s1839 be ||||1| fre d aCAM bspa cCAM1 aDelepierre, Octave (d1802-1879)10aChronique des faits et gestes admirables de Maximilien I durant son mariage avec Marie de Bourgogne... / cpar Octave Delepierre... aBruxelles : bSocieté typographique belge, c1839. aXI, 480 p. ; c20 cm. aES-MaACLjC-2243